Is This In North America, or South America - Statistics

General Stats
  • This quiz has been taken 285 times
  • The average score is 14 of 20
Answer Stats
Question Answer % Correct
Lake Okeechobee North America
93%
Macchu Pichu South America
93%
Victoria Island North America
87%
Mount Chimborazo South America
87%
Roseau North America
80%
Recife South America
80%
Tierra Del Fuego South America
80%
Cayman Islands North America
73%
Guantanamo Bay North America
73%
Curacao North America
73%
Iguazu Falls South America
73%
Guadalajara North America
67%
Great Blue Hole North America
67%
Meteor Crater North America
67%
Rio Negro South America
67%
Altiplano South America
67%
Port Stanley South America
60%
Cabo Polonio South America
60%
Cayenne South America
47%
Cabo San Lucas North America
40%
No matching quizzes found
Score Distribution
Percent of People with Each Score
Percentile by Number Answered
Your Score History
You have not taken this quiz